00648nam a2200193Ii 450000100060000000300090000600800410001502000180005604000330007404100080010708200200011510000260013524501060016126400940026730000120036133600260037333700280039933800270042720589CO-ViMGA241108s9999||||xx |||||||||||||| ||und|| a9789585935150 aCO-ViMGAbspaerdacCO-ViMGA0 aspa04a581.986194 C17f1 aLyndon Carvajal Rojas10aFlora de los bosques de las cuencas de los ríos Planas y Tillavá, Puerto Gaitán, Meta, Colombia 1aBogotá, Colombia : Cormacarena : Universidad Distrital Francisco José de Caldas, 2015 avolumen atextbtxt2rdacontent aunmediatedbn2rdamedia avolumebnc2rdacarrier